|
|
|
|
| LEADER |
01401nam a22003497a 4500 |
| 001 |
33065 |
| 003 |
BD-DhAAL |
| 005 |
20211121144951.0 |
| 008 |
180508t2013 enk 000 f eng d |
| 999 |
|
|
|c 39324
|d 39324
|
| 020 |
|
|
|a 9780571268863
|
| 040 |
|
|
|a BD-DhAAL
|
| 082 |
0 |
0 |
|a 813.54
|2 21
|
| 100 |
1 |
|
|a Plath, Sylvia
|9 25770
|
| 245 |
1 |
4 |
|a The bell jar /
|c by Sylvia Plath
|
| 250 |
|
|
|a 50th anniversary edition
|
| 260 |
|
|
|a London :
|b Faber and Faber,
|c 2013
|
| 300 |
|
|
|a 234 pages ;
|c 22 cm.
|
| 500 |
|
|
|a "First published in 1963"
|
| 526 |
|
|
|a AAL
|
| 541 |
|
|
|a Development Book Agency
|e 33065, 33066
|
| 650 |
|
|
|a Fashion
|v Fiction.
|9 25771
|
| 650 |
|
|
|a Depression in women
|v Fiction.
|9 25772
|
| 650 |
|
|
|a Suicide
|v Fiction.
|9 25773
|
| 650 |
|
|
|a Depression in women.
|9 25774
|
| 650 |
|
|
|a Fashion.
|9 25775
|
| 650 |
|
|
|a Suicide.
|9 25776
|
| 650 |
|
|
|a English literature.
|9 42918
|
| 852 |
4 |
|
|a Ayesha Abed Library
|j General Stacks
|
| 942 |
|
|
|2 ddc
|c BK
|
| 952 |
|
|
|0 0
|1 0
|2 ddc
|4 0
|6 813_540000000000000_PLA
|7 0
|9 63262
|a BRACUL
|b BRACUL
|c GEN
|d 2018-05-07
|e Development Book Agency
|g 898.00
|l 20
|m 146
|o 813.54 PLA
|p 3010033065
|q 2026-06-02
|r 2026-05-18
|s 2026-05-18
|t 1
|v 898.00
|w 2018-05-07
|y BK
|
| 952 |
|
|
|0 0
|1 0
|2 ddc
|4 0
|6 813_540000000000000_PLA
|7 0
|9 63263
|a BRACUL
|b BRACUL
|c GEN
|d 2018-05-07
|e Development Book Agency
|g 898.00
|l 16
|m 113
|o 813.54 PLA
|p 3010033066
|q 2026-06-02
|r 2025-08-10
|s 2025-08-10
|t 2
|v 898.00
|w 2018-05-07
|y BK
|